| 000 | 00556ntaaa2200193 4500 | ||
|---|---|---|---|
| 003 | 01 | ||
| 005 | 20251027202734.0 | ||
| 008 | 0714s1973 ag 01 | ||
| 040 |
_aAR-BaBN _bspa _cAR-BaBN _eaacr _dRIC |
||
| 082 | _a744.43 T63 | ||
| 100 |
_aTosto, Pablo _927420 |
||
| 245 |
_aCalitecno / _cPablo Tosto, Pedro Echarte |
||
| 260 |
_aBuenos Aires : _bTalleres Gráficos Argentinos, _cc1957 |
||
| 300 | _a24 p. | ||
| 500 | _aBAJA PATRIMONIAL POR OBSOLESCENCIA 20190405 | ||
| 650 |
_aCaligrafia tecnica _927421 |
||
| 700 |
_aEcharte, Pedro _927422 |
||
| 942 | _cBK | ||
| 999 |
_c22655 _d22655 |
||